Statistics for Weird Flag Quiz

Click here to take the quiz!

General Stats

  • This quiz has been taken 52 times
  • The average score is 7 of 9

Answer Stats

Answer% Correct
Nepal
100%
Somalia
94%
Mozambique
90%
Kyrgyzstan
88%
Guam
86%
Dominica
84%
Eswatini
84%
Central African Republic
80%
Bermuda
41%

Score Distribution

Percentile by Number Answered

Percent of People with Each Score

Your Score History

You have not taken this quiz